00843 2200313 4500001002100000005001500021035002000036007000300056008004100059020002200100082000800122084001400130100002600144245010100170250001000271260003500281300003200316650003600348700002600384700001400410520002500424520001400449990001100463990001100474990001100485990001100496990001100507990001100518INLIS00000000000340120090103024032 a0010-0109000064ta090103 g 0 ind  a978-602-0808-09-3 a903 a903 ALF e0 aALFONS, Rizqi Fairuzi1 aEnsiklopedia Anak Nusantara /cAlfons Rizqi Fairuzi, Tim Afin and Friends; penyunting, Tristanti acet.2 aYogyakarta :bLiterindo,c2017 a223 hlm. :bilus. ;c24 cm. 4aSEJARAH.ENSIKLOPEDIA UNTUK ANAK0 aTIM, Afin and Friends0 aTRISTANTI aBibliografi: hlm.223 aGlosarium a6643 a a6643 b a6643 b a6643 a a6643 a a6643 b